Responses for Show #7211 - Monday, January 11, 2016

Contestants

[<< previous game]

Julia Cain, a graduate student from Haverford, Pennsylvania

Dom Tassoni, a product marketing manager from Milwaukee, Wisconsin

Adam Hoskins, an attorney from Columbia, Missouri (whose 1-day cash winnings total $18,801)

[next game >>]

Jeopardy! Round responses

4 LEGS, 1 CLUE
NOTORIOUS
WHAT'S IN THE FRIDGE?
NATIONAL PARKS
CELEBRITY SPOKESPEOPLE
WORDS OF NOTE
(Alex: Each correct response will be a word that can be formed from the letters in the C major music scale, which means letters from "A" through "G".)
    $200 5
the porcupine

Julia
    $200 1
Billy the Kid

Julia
    $200 10
a carrot

Julia
    $200 14
Redwood

Adam
    $200 16
(Dom: What is Ireland?)

Northern Ireland

AdamDom
    $200 24
beef

Dom
    $400 6
a llama

Dom
    $400 2
(John) Dillinger

Adam
    $400 11
lox

Adam
    $400 21
Everglades

Adam
    $400 17
(William) Shatner

Adam
    $400 25
an ace

Dom
    $600 7
(Julia: What is a cheetah?)

a leopard

DomJulia
    $1,000 3
(Adam: I have no idea.)

Birdman of Alcatraz

Adam
    $600 12
Caesar dressing

Julia
    $600 22
Zion

Julia
    $600 18
(Matthew) McConaughey

Adam
    $600 26
ebb

Adam
    $800 8
Argentina

Adam
    $800 4
Tokyo Rose

Dom
    $800 13
Vlasic

Dom
    $800 29
American Samoa

Dom
    $800 19
Wrangler

Adam
    $800 27
Dada

Julia
    $1000 9
the American elk

Triple Stumper
    $1000 23
(Dom: Who is Luciano?)

(Bugsy) Siegel

DomJulia
    $1000 15
Oikos

Julia
    $1000 30
Maui

Triple Stumper
    $1000 20
(Julia: What is Chanel?)

Dior

Julia
Triple Stumper
    $1000 28
cabbage

Dom

Scores at the first commercial break (after clue 15):

Adam Dom Julia
$800 $2,600 $1,600

Scores at the end of the Jeopardy! Round:

Adam Dom Julia
$3,800 $3,800 $3,000

Double Jeopardy! Round responses

AUTHORS' LESSER KNOWN WORKS
SUMMER OLYMPIC CITIES
TECH LOGOS
ART & ARTISTS
LOUIS XIV
THE "KING", SON
    $400 6
Chaucer

Julia
    $400 12
Moscow

Adam
    $400 1
the Bible (the New Testamanet accepted)

Julia
    $400 11
Buckingham Palace

Adam
    $800 7
(Ian) Fleming

Dom
    $800 13
Tokyo

Adam
    $2,000 25
Twitter

Adam
    $800 2
(Édouard) Manet

Julia
    $800 21
(Adam: What is Austria?)
(Dom: What is Iceland?)
(Julia: What is Denmark?)

the Netherlands

AdamDomJulia
Triple Stumper
    $800 17
breaking and entering

Julia
    $1200 8
scriptwriter

Julia
    $1200 14
Montreal

Adam
    $1200 22
Chrome

Adam
    $1200 3
El Greco

Julia
    $1200 18
Kingpin

Julia
    $1600 9
Jack London

Triple Stumper
    $1600 15
Stockholm

Triple Stumper
    $1600 23
(Alex: Yes, with less than a minute to go now.)

Snapchat

Julia
    $2,000 4
op art

Julia
    $1600 19
muckraking

Dom
    $2000 10
the White Worm

Triple Stumper
    $2000 16
Melbourne, Australia

Triple Stumper
    $2000 24
Cisco

Adam
    $2000 5
stain

Julia
    $2000 26
(Dom: Who is de Soto?)
(Julia: Who is Ponce de León?)
[End-of-round signal sounds]

(Sieur) de La Salle

AdamDomJulia
    $2000 20
stalking horse

Triple Stumper

Scores at the end of the Double Jeopardy! Round:

Adam Dom Julia
$13,000 $3,400 $11,800

[wagering suggestions for these scores]

Final Jeopardy! Round responses

AMERICANA
DomWhat is Casey at the Bat?
$3,100
JuliaWhat is Casey at the Bat
$11,800
AdamWhat is Casey at the Bat?
$10,601
"Casey at the Bat"

Final scores:

Adam Dom Julia
$23,601 $6,500 $23,600
2-day champion: $42,402 3rd place: $1,000 2nd place: $2,000

Game dynamics:

Coryat scores:

Adam Dom Julia
$12,800 $3,400 $11,400
18 R
(including 1 DD),
2 W
(including 1 DD)
10 R,
4 W
18 R
(including 1 DD),
4 W

Combined Coryat: $27,600

[game clues] [game scores] [suggest correction]

Game tape date: Unknown
The J! Archive is created by fans, for fans. Scraping, republication, monetization, and malicious use prohibited; this site may use cookies and collect identifying information. See terms. The Jeopardy! game show and all elements thereof, including but not limited to copyright and trademark thereto, are the property of Jeopardy Productions, Inc. and are protected under law. This website is not affiliated with, sponsored by, or operated by Jeopardy Productions, Inc. Join the discussion at JBoard.tv.